Word test 1 - Swedish to english - Statistics

General Stats
  • This quiz has been taken 458 times
  • The average score is 5 of 15
Answer Stats
Svenska Engelska % Correct
Tillräckligt Sufficiently
68%
Nöjd, tillfreds Satisfied
57%
Enligt According to
56%
Exklusiv, lyxig Upmarket
52%
Överlag, generellt Generally
47%
Även om Though
43%
Slipad, vass, duktig Sharp
42%
Tvåveckorsperiod Fortnight
35%
Trots Despite
32%
Ivrig att Keen to
29%
Pruta, köpslå Haggle
28%
Lindra Ease
25%
Orimlig Unreasonable
25%
Bana, kurs Trajectory
7%
Lite, en gnutta Slightly
2%
No matching quizzes found
Score Distribution
Percent of People with Each Score
Percentile by Number Answered
Your Score History
You have not taken this quiz